Países - Statistics

Estatísticas Gerais
  • Esse quiz foi jogado 39 vezes
  • A pontuação média é 13 de 15
Estatísticas das Respostas
Imagem Resposta % Correto
Estados Unidos
100%
Reino Unido
100%
França
97%
Itália
97%
Japão
97%
Austrália
94%
Canadá
94%
Rússia
94%
Nova Zelândia
92%
Países Baixos
92%
Irlanda
89%
Hungria
86%
Bulgária
81%
Costa do Marfim
72%
Madagáscar
58%
Nenhum quiz correspondente encontrado
Distribuição das Pontuações
Porcentagem de Pessoas com Cada Pontuação
Percentil de Números Respondidos
Sua Pontuação Histórica
Você não jogou esse quiz